000 00759nam2a22002531 4500
001 RU\NLR\INFOCOMM31\5000108079
005 20250617042936.0
035 _a(NLR Aleph) 002448327
090 _a2139748
_c2139748
100 _a20050210d1908 |||y0rusy50 ca
101 0 _arus
102 _aRU
105 _ay ||||000|y
200 0 _a1907/1908, Вып.19[а]
210 _d1908
_aБ. м.
225 1 _a...
_v№38
461 0 _1001RU\NLR\INFOCOMM31\5000108059
_12001#$aЖенщина-врач$v1907/1908, Вып.19[а]
_92139570
_cСПб.
_d1907-1908
_tЖенщина-врач
_v1907/1908, Вып.19[а]
801 1 _aRU
_bInfoComm
_c20050210
801 0 _aRU
_bNLR
_gPSBO
852 _aNLR
_j1/119
942 _cISSUE
980 _aNB
980 _aRUSPER